| 000 | 00492nam a2200181Ia 4500 | ||
|---|---|---|---|
| 999 |
_c15332 _d15332 |
||
| 082 | _aRR 324.954 BUT-I | ||
| 100 | _aBulter, David | ||
| 245 | 0 | _aIndia decides: elections 1952-1991 | |
| 260 |
_aNew Delhi _bLiving Media India _c1989 |
||
| 300 | _a380p. | ||
| 504 | _aIncludes bibliography/Ref.book | ||
| 650 | _aElections - India - 1952-199 | ||
| 650 | _aIndia decides | ||
| 650 | _aElections - Statistics - India | ||
| 700 | _aRoy , Prannoy | ||
| 700 | _aLahiri, Ashok | ||
| 942 | _cBK | ||